[Event "6th Dubai Open"]
[Site "Dubai"]
[Date "2004.04.23"]
[Round "5.9"]
[White "Ulibin, Mikhail"]
[Black "Villamayor, Bong"]
[Result "1-0"]
[WhiteElo "2579"]
[BlackElo "2469"]
[PlyCount "97"]
[EventDate "2004.04.19"]
[Source "Roberto Alvarez"]
[SourceDate "2004.05.03"]

1. e4 e6 2. Qe2 c5 3. g3 Nc6 4. Bg2 Nge7 5. c3 g6 6. f4 d5 7. e5 Nf5 8. Nf3 Rb8 9. Na3 h5 10. O-O Be7 11. Nc2 b5 12. d3 Qb6 13. Ne3 c4 14. d4 Nxe3 15. Bxe3 b4 16. Qc2 bxc3 17. bxc3 Qb2 18. Qxb2 Rxb2 19. Rfb1 Rxb1+ 20. Rxb1 Kd7 21. h3 Ba6 22. g4 hxg4 23. hxg4 Rb8 24. Rxb8 Nxb8 25. Bh3 Kd8 26. f5 gxf5 27. gxf5 exf5 28. Ng5 Bxg5 29. Bxg5+ Kc7 30. Bf4 Kc8 31. Bxf5+ Nd7 32. Bg5 Kc7 33. Bg4 Nf8 34. Bh5 Ne6 35. Bh4 Nf4 36. Bxf7 Bc8 37. Bg3 Ne2+ 38. Kf2 Nxc3 39. e6+ Kc6 40. e7 Bd7 41. e8=Q Bxe8 42. Bxe8+ Kb6 43. a3 Nb5 44. Ke3 Nxa3 45. Kd2 Nb5 46. Be5 a6 47. Kc2 Na7 48. Bd6 Nc6 49. Bc5+ 1-0

[Event "Presov"]
[Site "Presov"]
[Date "1999.08.19"]
[Round "6"]
[White "Ftacnik, Lubomir"]
[Black "Jirovsky, Milos"]
[Result "1/2-1/2"]
[WhiteElo "2589"]
[BlackElo "2458"]
[PlyCount "36"]
[EventDate "1999.08.14"]
[Source "ChessBase"]
[SourceDate "1999.12.01"]

1. e4 e6 2. Qe2 c5 3. Nf3 Nc6 4. g3 Nf6 5. Bg2 d5 6. d3 Be7 7. O-O O-O 8. e5 Ne8 9. Nbd2 Nc7 10. c4 b5 11. b3 a5 12. a4 bxc4 13. bxc4 Rb8 14. Ba3 Na6 15. Nb1 dxc4 16. dxc4 Nd4 17. Nxd4 cxd4 18. Rd1 Nb4 1/2-1/2

[Event "Moscow Aeroflot op"]
[Site "Moscow"]
[Date "2002.02.07"]
[Round "5"]
[White "Kovalev, Andrei"]
[Black "Bagirov, Rufat"]
[Result "0-1"]
[WhiteElo "2575"]
[BlackElo "2471"]
[PlyCount "124"]
[EventDate "2002.02.04"]
[Source "ChessBase"]
[SourceDate "2002.03.21"]

1. e4 e6 2. Qe2 c5 3. Nf3 Nc6 4. g3 g6 5. Bg2 Bg7 6. d3 d6 7. h4 h6 8. c3 Nge7 9. Be3 e5 10. Qd2 Bg4 11. Na3 b6 12. O-O Qd7 13. Rfe1 h5 14. Nc2 O-O 15. Bh6 Bxf3 16. Bxf3 f5 17. Bxg7 Kxg7 18. exf5 Rxf5 19. Bg2 Rf6 20. d4 Raf8 21. Re2 exd4 22. cxd4 Nf5 23. Rae1 R8f7 24. dxc5 bxc5 25. Bd5 Nfd4 26. Nxd4 Nxd4 27. Re8 Rxf2 28. Rg8+ Kh7 29. Qg5 R2f6 30. Kg2 Ne6 31. Qe3 Re7 32. Qc3 Nf4+ 33. gxf4 Qg4+ 34. Qg3 Qxg3+ 35. Kxg3 Rxe1 36. Ra8 Re7 37. Kf3 Rf5 38. Be4 Rf6 39. Bd5 Rc7 40. b3 Rf5 41. Be6 d5 42. Bxf5 gxf5 43. Rd8 d4 44. Rd5 Kg6 45. Rd6+ Kg7 46. Rd5 Kg6 47. Rd6+ Kg7 48. Rd5 Kf6 49. Rd6+ Kf7 50. Rh6 Re7 51. Rxh5 Re3+ 52. Kf2 Ke6 53. Rg5 Rh3 54. h5 d3 55. Ke1 Kd5 56. Rxf5+ Kd4 57. Re5 Rh4 58. Kd2 Rh2+ 59. Kd1 c4 60. bxc4 Kc3 61. h6 Rxh6 62. c5 Rh1+ 0-1

[Event "WchT 3rd"]
[Site "Luzern"]
[Date "1993.??.??"]
[Round "8"]
[White "Romanishin, Oleg M"]
[Black "Hug, Werner"]
[Result "1/2-1/2"]
[WhiteElo "2615"]
[BlackElo "2430"]
[PlyCount "59"]
[EventDate "1993.10.??"]
[Source "ChessBase"]

1. e4 e6 2. Qe2 c5 3. g3 Nc6 4. Bg2 d5 5. d3 Nf6 6. Nf3 Be7 7. O-O O-O 8. e5 Nd7 9. c4 Nb6 10. Be3 Bd7 11. h4 Rc8 12. Nbd2 Nb4 13. Rfc1 Bc6 14. a3 Na6 15. b3 Nd7 16. Bf4 Re8 17. Nf1 f5 18. Ne3 d4 19. Nc2 b5 20. cxb5 Bxb5 21. Nd2 Nb6 22. Nc4 Nxc4 23. bxc4 Bc6 24. Bxc6 Rxc6 25. Rcb1 Rb6 26. Qd1 Qd7 27. Rxb6 axb6 28. Rb1 Qc6 29. Ne1 Nb8 30. Rb5 1/2-1/2

[Event "otb"]
[Site "otb"]
[Date "2007.03.11"]
[Round "11"]
[White "Bokros Albert"]
[Black "Luther Thomas"]
[Result "1/2-1/2"]
[WhiteElo "2465"]
[BlackElo "2580"]
[PlyCount "43"]
[Source "www.chesslib.no"]
[SourceDate "2004.05.04"]

1. e4 e6 2. Qe2 Be7 3. Nf3 d5 4. exd5 exd5 5. g3 Nf6 6. Bg2 O-O 7. O-O Re8 8. d4 Bf5 9. c3 Bd6 10. Qd1 h6 11. b3 Nbd7 12. c4 c6 13. Nc3 Ne4 14. Bb2 Qa5 15. Nxe4 Bxe4 16. c5 Be7 17. a3 Nf8 18. b4 Qc7 19. Ne5 Bxg2 20. Kxg2 Bf6 21. Qd3 a5 22. Bc3 1/2-1/2

[Event "Hastings 8182"]
[Site "Hastings"]
[Date "1981.??.??"]
[Round "11"]
[White "Chandler, Murray G"]
[Black "Ree, Hans"]
[Result "0-1"]
[WhiteElo "2530"]
[BlackElo "2510"]
[PlyCount "176"]
[EventDate "1981.12.??"]
[Source "ChessBase"]

1. e4 e6 2. Qe2 e5 3. g3 Nc6 4. Bg2 Bc5 5. d3 Nf6 6. c3 a5 7. f4 d6 8. Nf3 O-O 9. f5 d5 10. Be3 dxe4 11. Bxc5 exf3 12. Bxf3 Re8 13. Be4 Nxe4 14. dxe4 Bxf5 15. exf5 Qd5 16. Rf1 Qxc5 17. Nd2 e4 18. O-O-O e3 19. Nb3 Qe5 20. Na1 Rad8 21. g4 Qe4 22. Nc2 Rd2 23. Rxd2 exd2+ 24. Qxd2 Qxg4 25. f6 Qe2 26. Rg1 Qxd2+ 27. Kxd2 g6 28. Ne3 Ne5 29. Rf1 Re6 30. a4 Nd7 31. Nc4 b6 32. b4 Nxf6 33. bxa5 bxa5 34. Nxa5 Ne4+ 35. Kd3 Nc5+ 36. Kc4 Nxa4 37. Kb4 Nb6 38. c4 Kf8 39. Rd1 Ke7 40. Kb5 f5 41. Nc6+ Kf6 42. c5 Nc8 43. Rd7 Ne7 44. Rxc7 Nxc6 45. Rxc6 Rxc6 46. Kxc6 f4 47. Kb6 f3 48. c6 f2 49. c7 f1=Q 50. c8=Q Qf2+ 51. Kb7 Qb2+ 52. Ka8 Qg2+ 53. Ka7 Qxh2 54. Qf8+ Kg5 55. Qe7+ Kh6 56. Qe3+ Kh5 57. Qf3+ Kg5 58. Qf7 Qg1+ 59. Ka8 Qa1+ 60. Kb7 Qb2+ 61. Ka8 Qa3+ 62. Kb7 Qb4+ 63. Ka8 Qe4+ 64. Ka7 h5 65. Qc7 h4 66. Qd8+ Kh5 67. Qd1+ Kh6 68. Qd8 g5 69. Kb8 Qe5+ 70. Ka8 h3 71. Qf8+ Qg7 72. Qf2 Kh5 73. Qe2+ g4 74. Qe8+ Kh6 75. Qe3+ Kh7 76. Qg3 Qf8+ 77. Ka7 Qf3 78. Qc7+ Kg6 79. Qd6+ Kf5 80. Qh6 Ke4 81. Qe6+ Kd3 82. Ka6 Qe2 83. Qd5+ Ke3+ 84. Ka7 Kf2 85. Qf5+ Kg2 86. Qd5+ Kh2 87. Qd6+ g3 88. Ka8 Kh1 0-1

[Event "2. World Cities Ch."]
[Site "?"]
[Date "1999.10.08"]
[Round "8"]
[White "Sandipan Chanda"]
[Black "Dolmatov Sergey V"]
[Result "0-1"]
[WhiteElo "2433"]
[BlackElo "2600"]
[PlyCount "96"]
[EventDate "1999.??.??"]
[Source "www.chesslib.no"]
[SourceDate "2004.05.04"]

1. e4 e6 2. Qe2 c5 3. Nf3 Nc6 4. c3 Nge7 5. g3 g6 6. Bg2 Bg7 7. O-O O-O 8. Na3 d6 9. Nc2 e5 10. d3 h6 11. b3 f5 12. Bb2 Be6 13. Rad1 Qd7 14. exf5 gxf5 15. d4 cxd4 16. cxd4 e4 17. Nh4 d5 18. f3 Rae8 19. fxe4 fxe4 20. Ne3 Rxf1+ 21. Bxf1 Rf8 22. Bg2 Kh7 23. Bc3 Qe8 24. Kh1 Ng6 25. Nxg6 Qxg6 26. b4 Rc8 27. b5 Ne7 28. Bb2 Nf5 29. Nxf5 Bxf5 30. Qf2 Bd7 31. a4 Qf6 32. Qd2 Qg5 33. Qxg5 hxg5 34. Rc1 Rxc1+ 35. Bxc1 Bxd4 36. Bxg5 Bg4 37. h4 Bf2 38. Kh2 Kg6 39. Bf1 Bf3 40. a5 e3 41. Bd3+ Kf7 42. h5 e2 43. Bd2 e1=Q 44. Bxe1 Bxe1 45. b6 axb6 46. axb6 Ba5 47. Kh3 Bxb6 48. g4 Be3 0-1

[Event "POL-ch 59th"]
[Site "Warsaw"]
[Date "2002.05.10"]
[Round "11"]
[White "Cyborowski, Lukasz"]
[Black "Gdanski, Jacek"]
[Result "1/2-1/2"]
[WhiteElo "2510"]
[BlackElo "2523"]
[PlyCount "71"]
[EventDate "2002.04.29"]
[Source "ChessBase"]
[SourceDate "2002.08.12"]

1. e4 e6 2. Qe2 Nf6 3. Nf3 d5 4. d3 Nc6 5. c3 a5 6. a4 b6 7. Bg5 dxe4 8. dxe4 h6 9. Bh4 Ba6 10. Qc2 Bxf1 11. Rxf1 g5 12. Bg3 Nh5 13. Nbd2 Qe7 14. Qd3 Nxg3 15. fxg3 Rd8 16. Qb5 Qc5 17. Nc4 Qxb5 18. axb5 Na7 19. Nfe5 Rh7 20. Nc6 Nxc6 21. bxc6 Bg7 22. Rd1 Rxd1+ 23. Kxd1 Ke7 24. Kc2 Rh8 25. Rd1 Rd8 26. Rxd8 Kxd8 27. b4 a4 28. g4 Ke7 29. b5 Bh8 30. h3 Bg7 31. Nb2 a3 32. Nc4 a2 33. Kb2 Bxc3+ 34. Kxa2 f6 35. Kb3 Be5 36. Kc2 1/2-1/2

[Event "Berliner Sommer"]
[Site "Berlin"]
[Date "1997.??.??"]
[Round "4"]
[White "Kuzmin, Gennadi P"]
[Black "Levin, Felix"]
[Result "1-0"]
[WhiteElo "2555"]
[BlackElo "2475"]
[PlyCount "57"]
[EventDate "1997.08.??"]
[Source "ChessBase"]
[SourceDate "1997.09.26"]

1. e4 e6 2. Qe2 c5 3. g3 Nc6 4. Bg2 g6 5. Nf3 Bg7 6. O-O Nge7 7. d3 d6 8. c3 O-O 9. Bg5 h6 10. Be3 b6 11. d4 cxd4 12. Nxd4 Nxd4 13. Bxd4 Bb7 14. Bxg7 Kxg7 15. Na3 a6 16. Rad1 Qc7 17. Rd3 Rad8 18. Rfd1 b5 19. Qd2 d5 20. Nc2 Rde8 21. Ne3 dxe4 22. Rd7 Qb6 23. c4 Bc6 24. Qd6 Qb8 25. Qxb8 Rxb8 26. Rxe7 bxc4 27. Rd6 Bd5 28. Nxd5 exd5 29. Rxd5 1-0

[Event "FRA-ch Second stage"]
[Site "Besancon"]
[Date "1999.08.24"]
[Round "1.1"]
[White "Hauchard, Arnaud"]
[Black "Bricard, Emmanuel"]
[Result "1-0"]
[WhiteElo "2518"]
[BlackElo "2506"]
[PlyCount "121"]
[EventDate "1999.08.23"]
[Source "ChessBase"]
[SourceDate "1999.12.01"]

1. e4 e6 2. Qe2 c5 3. g3 Nc6 4. Bg2 g6 5. d3 Bg7 6. f4 d6 7. Nf3 Nge7 8. O-O O-O 9. Kh1 b5 10. c3 b4 11. c4 e5 12. fxe5 dxe5 13. Nbd2 Qd6 14. Nb3 Bg4 15. h3 Bd7 16. Be3 Nd4 17. Nbxd4 cxd4 18. Bg1 Nc6 19. g4 f6 20. Qd2 a5 21. Bh2 Rae8 22. Rf2 Nd8 23. Raf1 Nf7 24. g5 f5 25. exf5 gxf5 26. Nh4 f4 27. Nf3 Qg6 28. Rg1 Qh5 29. Qe2 Bxh3 30. g6 hxg6 31. Bxh3 Qxh3 32. Rxg6 Nh6 33. Rfg2 Nf5 34. Ng5 Qh4 35. Qe4 Qh5 36. Qd5+ Kh8 37. Nf7+ Kh7 38. Rxg7+ Nxg7 39. Nd6 Re6 40. Rxg7+ Kxg7 41. Qxe6 Qd1+ 42. Kg2 Qe2+ 43. Kg1 Qe1+ 44. Kg2 f3+ 45. Kh3 Rh8+ 46. Kg4 Qh4+ 47. Kxf3 e4+ 48. Qxe4 Qh5+ 49. Qg4+ Qxg4+ 50. Kxg4 Rxh2 51. c5 Rxb2 52. c6 Rc2 53. Nc4 Kf6 54. c7 Rg2+ 55. Kf4 Rg8 56. Nb6 Ke6 57. c8=Q+ Rxc8 58. Nxc8 a4 59. Nb6 a3 60. Nc4 b3 61. Nxa3 1-0

[Event "Nagykanizsa 1st"]
[Site "Nagykanizsa"]
[Date "2003.11.14"]
[Round "10"]
[White "Vajda, Levente"]
[Black "Farago, Ivan"]
[Result "1/2-1/2"]
[WhiteElo "2537"]
[BlackElo "2485"]
[PlyCount "91"]
[EventDate "2003.11.05"]
[Source "ChessBase"]
[SourceDate "2004.03.30"]

1. e4 e6 2. Qe2 c5 3. Nf3 Nc6 4. Qe3 a6 5. a3 Nf6 6. Nc3 d5 7. exd5 Nxd5 8. Nxd5 Qxd5 9. b3 Nd4 10. Bd3 g6 11. Rb1 Bg7 12. O-O O-O 13. Be4 Qd6 14. b4 Rb8 15. bxc5 Qxc5 16. a4 f5 17. Ba3 Ne2+ 18. Kh1 Qxe3 19. fxe3 fxe4 20. Bxf8 Bxf8 21. Ne5 Bd6 22. Ng4 Kg7 23. Nf6 Be7 24. Ng4 Bd6 25. Rfe1 Ng3+ 26. hxg3 Bxg3 27. Rf1 Bd7 28. Nf2 Bxf2 29. Rxf2 Bxa4 30. Rbf1 Bxc2 31. Rf7+ Kh6 32. Kh2 b5 33. Kg3 Kg5 34. Rc1 Rc8 35. Rxh7 b4 36. Rb7 a5 37. Rb5+ Kf6 38. Rf1+ Ke7 39. Ra1 b3 40. Raxa5 Rd8 41. Rb6 Rxd2 42. Raa6 Kf7 43. Ra7+ Kf6 44. Raa6 Kf7 45. Ra7+ Kf6 46. Raa6 1/2-1/2

[Event "Rowy op"]
[Site "?"]
[Date "1999.??.??"]
[Round "4"]
[White "Kovalev Andrei"]
[Black "Kruppa Yuri"]
[Result "1-0"]
[WhiteElo "2459"]
[BlackElo "2561"]
[PlyCount "81"]
[EventDate "1999.??.??"]
[Source "www.chesslib.no"]
[SourceDate "2004.05.04"]

1. e4 e6 2. Qe2 c5 3. Nf3 Nc6 4. g3 g6 5. Bg2 Bg7 6. c3 Nge7 7. O-O d6 8. d3 O-O 9. Nh4 Rb8 10. f4 Kh8 11. Be3 Qc7 12. g4 f5 13. a3 Bf6 14. Bf2 fxg4 15. Bg3 e5 16. fxe5 dxe5 17. b4 Be6 18. b5 Na5 19. Nd2 Rbd8 20. Rf2 Bg7 21. Raf1 Rxf2 22. Rxf2 Qd7 23. Qe3 b6 24. Qg5 Kg8 25. Nf5 gxf5 26. Bxe5 Ng6 27. Bxg7 Kxg7 28. exf5 Bxf5 29. Rxf5 Qe7 30. Be4 c4 31. Qxg4 Qxa3 32. Rh5 Qc1+ 33. Nf1 Rd6 34. Qg3 Qa3 35. d4 Nb3 36. Qh3 Nf8 37. Bxh7 Nxd4 38. Qg4+ Ng6 39. cxd4 c3 40. Bxg6 Rxg6 41. Rg5 1-0

[Event "34. Olympiad"]
[Site "?"]
[Date "2000.11.02"]
[Round "6"]
[White "Motwani Paul"]
[Black "Nogueiras Jesus"]
[Result "1/2-1/2"]
[WhiteElo "2464"]
[BlackElo "2552"]
[PlyCount "36"]
[EventDate "2000.??.??"]
[Source "www.chesslib.no"]
[SourceDate "2004.05.04"]

1. e4 e6 2. Qe2 Nf6 3. e5 Nd5 4. c4 Nf4 5. Qe4 Ng6 6. Nf3 d6 7. exd6 Bxd6 8. d4 c5 9. Nc3 cxd4 10. Nxd4 Nd7 11. Be3 Nf6 12. Qc2 Ng4 13. O-O-O Nxe3 14. fxe3 Qe7 15. h4 Bd7 16. g4 Ne5 17. Ne4 Bc7 18. g5 h6 1/2-1/2

[Event "RUS-Cup1 Chigorin mem"]
[Site "St Petersburg"]
[Date "1996.??.??"]
[Round "9"]
[White "Balashov, Yuri S"]
[Black "Volkov, Sergey"]
[Result "1/2-1/2"]
[WhiteElo "2530"]
[BlackElo "2485"]
[PlyCount "139"]
[EventDate "1996.11.??"]
[Source "ChessBase"]

1. e4 e6 2. Qe2 c5 3. b3 Nc6 4. Nf3 Nge7 5. g3 d5 6. Bg2 dxe4 7. Qxe4 Nf5 8. Bb2 Be7 9. O-O O-O 10. Na3 Bf6 11. Bxf6 Qxf6 12. Nc4 Rd8 13. c3 Bd7 14. Nfe5 Nxe5 15. Nxe5 Bb5 16. Rfe1 Ba6 17. Rad1 Rd6 18. a3 Qd8 19. Qc2 Rc8 20. Be4 g6 21. d3 Qc7 22. Qc1 Rb6 23. Bxf5 exf5 24. b4 Re6 25. Qf4 f6 26. Nc4 Qxf4 27. gxf4 Rxe1+ 28. Rxe1 cxb4 29. cxb4 Rd8 30. Nb2 Rd4 31. Rc1 Rxf4 32. Rc5 Rd4 33. Ra5 Bxd3 34. Nxd3 Rxd3 35. Rxa7 Rd7 36. a4 Kf7 37. a5 Ke6 38. b5 Kd6 39. a6 bxa6 40. Rxa6+ Ke5 41. b6 Rd1+ 42. Kg2 Rb1 43. Ra7 h5 44. b7 g5 45. h4 gxh4 46. Ra4 Rxb7 47. Rxh4 Rg7+ 48. Kf3 Rg5 49. Ke3 Kd5 50. Rh3 f4+ 51. Kxf4 Ke6 52. Ra3 Kf7 53. Ra7+ Kg6 54. Ra8 Rg4+ 55. Kf3 Kg5 56. Rf8 Kf5 57. Rh8 Rg5 58. Rh6 Ke5 59. Ke3 Ke6 60. Rh7 Rf5 61. f3 Ra5 62. Kf4 Rg5 63. Ke4 Rb5 64. Kf4 Ra5 65. Kg3 Rg5+ 66. Kf4 Re5 67. Kg3 Rf5 68. Kf2 Rg5 69. Ke3 Rc5 70. Kf4 1/2-1/2

[Event "FRA Team Ch"]
[Site "France"]
[Date "1994.??.??"]
[Round "2"]
[White "Sokolov, Andrei"]
[Black "Roos, Louis"]
[Result "1-0"]
[WhiteElo "2560"]
[BlackElo "2455"]
[PlyCount "71"]
[EventDate "1994.??.??"]
[Source "www.chesslib.no"]
[SourceDate "2004.05.04"]

1. e4 e6 2. Qe2 c5 3. Nf3 Nc6 4. g3 b6 5. Bg2 Bb7 6. O-O g6 7. c3 Bg7 8. e5 f6 9. d4 cxd4 10. cxd4 Nge7 11. Nc3 fxe5 12. dxe5 O-O 13. Rd1 Nb4 14. Bg5 Rf5 15. Ne4 Ba6 16. Qd2 Nbd5 17. Nf6+ Nxf6 18. exf6 Bxf6 19. Qxd7 Qxd7 20. Rxd7 Nd5 21. g4 Rxg5 22. Nxg5 Bxg5 23. Rxd5 exd5 24. Bxd5+ Kg7 25. Bxa8 Bf6 26. Rc1 Be5 27. h4 Bxb2 28. Rc7+ Kf6 29. Rxh7 Be2 30. g5+ Kf5 31. Rxa7 Bd4 32. Kg2 Bc5 33. Bf3 Bc4 34. a4 Bb4 35. Rb7 Bc5 36. a5 1-0

[Event "RUS-ch"]
[Site "Elista"]
[Date "1996.??.??"]
[Round "3"]
[White "Balashov, Yuri S"]
[Black "Zakharevich, Igor"]
[Result "1/2-1/2"]
[WhiteElo "2530"]
[BlackElo "2485"]
[PlyCount "28"]
[EventDate "1996.10.15"]
[Source "ChessBase"]

1. e4 e6 2. Qe2 c5 3. b3 Nc6 4. Nf3 d6 5. Bb2 Nf6 6. g3 Be7 7. Bg2 e5 8. c3 Bd7 9. O-O Qc8 10. Na3 O-O 11. Nc2 Re8 12. d3 Bf8 13. Ne3 b5 14. a3 a5 1/2-1/2

[Event "Las Palmas op"]
[Site "?"]
[Date "1996.??.??"]
[Round "3"]
[White "Romanishin Oleg M"]
[Black "Mellado Trivino Juan"]
[Result "1-0"]
[WhiteElo "2555"]
[BlackElo "2455"]
[PlyCount "33"]
[EventDate "1996.??.??"]
[Source "www.chesslib.no"]
[SourceDate "2004.05.04"]

1. e4 e6 2. Qe2 Nf6 3. Nf3 d5 4. d3 b6 5. e5 Nfd7 6. g3 c5 7. Bg2 Nc6 8. O-O Qc7 9. Re1 Be7 10. c4 d4 11. Na3 a6 12. Nc2 Bb7 13. Bd2 g5 14. Bxg5 Bxg5 15. Nxg5 Ncxe5 16. f4 Nc6 17. Nxf7 1-0

[Event "Open"]
[Site "Cappelle la Grande"]
[Date "2003.02.28"]
[Round "8"]
[White "Jakubowski, Krzysztof"]
[Black "Iljushin, Alexei"]
[Result "1/2-1/2"]
[WhiteElo "2473"]
[BlackElo "2537"]
[PlyCount "192"]
[EventDate "2003.02.22"]
[Source "Roberto Alvarez"]
[SourceDate "2003.03.03"]

1. e4 e6 2. Qe2 c5 3. Nf3 Nc6 4. g3 g6 5. Bg2 Bg7 6. O-O Nge7 7. d3 b6 8. Nbd2 O-O 9. Re1 d6 10. c3 Rb8 11. Nf1 b5 12. h4 b4 13. c4 e5 14. Ne3 f5 15. exf5 gxf5 16. a3 b3 17. Nd5 Nxd5 18. cxd5 Nd4 19. Nxd4 cxd4 20. Bg5 Qd7 21. Rac1 Ba6 22. Qd2 Rbc8 23. h5 Rxc1 24. Rxc1 Rc8 25. Rc6 Bb5 26. h6 Bf8 27. Qb4 Rxc6 28. dxc6 Bxc6 29. Qxb3+ d5 30. Qb8 e4 31. Qe5 Qd6 32. Qxd4 Bxh6 33. Bxh6 Qxh6 34. dxe4 fxe4 35. Qxa7 Qc1+ 36. Kh2 Qxb2 37. Qe7 Qb7 38. Qe6+ Kg7 39. Bh3 Qc7 40. Qg4+ Kf6 41. Qf5+ Kg7 42. Qg5+ Kf8 43. Qf6+ Ke8 44. Kg1 Qb6 45. Qe6+ Kf8 46. Qd6+ Kg7 47. Qe7+ Kg6 48. Qd6+ Kg7 49. Bd7 Qb1+ 50. Kg2 Bxd7 51. Qxd7+ Kg6 52. Qxd5 Qc2 53. Qe6+ Kg7 54. Qd7+ Kg6 55. Qd6+ Kg7 56. Qd4+ Kg6 57. Kh3 Qd3 58. Qb6+ Kg5 59. Qe3+ Kg6 60. Kg2 Qc2 61. Qb6+ Kg5 62. Qd8+ Kg6 63. Qg8+ Kh6 64. Qf8+ Kg6 65. Qe8+ Kg7 66. Kh3 Qxf2 67. Qe7+ Kh6 68. Qxe4 Qf1+ 69. Kh2 Qf2+ 70. Qg2 Qd4 71. Qc2 Kg5 72. a4 h5 73. Qc1+ Kg6 74. Qf4 Qb2+ 75. Kh3 Qa1 76. Qe4+ Kg5 77. Qd5+ Kg6 78. a5 Qf1+ 79. Kh2 Qe2+ 80. Qg2 Qc4 81. Qf2 h4 82. gxh4 Kh5 83. Qf5+ Kxh4 84. Kg2 Qg8+ 85. Kf2 Qa2+ 86. Kf3 Qf2+ 87. Ke4 Qc2+ 88. Ke5 Qc5+ 89. Kf6 Qf8+ 90. Ke6 Qc8+ 91. Kf6 Qf8+ 92. Kg6 Qg8+ 93. Kh6 Qh8+ 94. Kg6 Qg8+ 95. Kf6 Qf8+ 96. Ke5 Qc5+ 1/2-1/2

[Event "III Memorial E.Geller - Open A"]
[Site "Odessa UCR"]
[Date "2007.09.14"]
[Round "7"]
[White "Mihajlovskij, Sergei"]
[Black "Vysochin, Spartak"]
[Result "1/2-1/2"]
[WhiteElo "2491"]
[BlackElo "2518"]
[PlyCount "154"]
[EventDate "2007.09.08"]
[Source "www.chesslib.no"]
[SourceDate "2004.05.04"]

1. e4 e6 2. Qe2 Nc6 3. Nf3 e5 4. g3 g6 5. Bg2 Bg7 6. O-O Nge7 7. c3 O-O 8. Na3 d6 9. Nc2 f5 10. exf5 Bxf5 11. Ne3 e4 12. Ng5 Qd7 13. Nxe4 Bxe4 14. Bxe4 d5 15. Bg2 d4 16. cxd4 Nxd4 17. Qd1 Nec6 18. d3 Ne5 19. f4 Nec6 20. Bd2 Rad8 21. Be4 Kh8 22. Rc1 Rfe8 23. Rf2 a5 24. Qf1 Nb4 25. f5 Rxe4 26. dxe4 Nd3 27. f6 Bh6 28. Nc4 Bxd2 29. Nxd2 Ne6 30. Nf3 Nxc1 31. Ne5 Ne2+ 32. Qxe2 Qd1+ 33. Qxd1 Rxd1+ 34. Kg2 Rd4 35. Re2 Ng5 36. Nf3 Rxe4 37. Rd2 Ne6 38. Rd7 Kg8 39. Kf2 b5 40. b3 a4 41. bxa4 bxa4 42. h4 h6 43. a3 c5 44. Re7 Kf8 45. Nd2 Re5 46. g4 g5 47. h5 Nf4 48. Rd7 Rd5 49. Rxd5 Nxd5 50. Ne4 c4 51. Ke2 Kf7 52. Nd6+ Kxf6 53. Nxc4 Nc3+ 54. Kd3 Nb5 55. Ke4 Ke6 56. Nb6 Nxa3 57. Nxa4 Nc4 58. Nc5+ Kd6 59. Nb3 Ke6 60. Nd4+ Kf6 61. Nf5 Ne5 62. Nxh6 Ke6 63. Kd4 Nf3+ 64. Ke3 Nh4 65. Ke4 Ng2 66. Nf5 Nf4 67. Ng3 Nd5 68. Kf3 Nf6 69. Ne4 Nh7 70. Ke2 Kd5 71. Kd3 Ke5 72. Ke3 Kd5 73. Nf2 Nf6 74. h6 Ke6 75. Kd4 Kf7 76. Ke5 Kg6 77. Ke6 Ng8 1/2-1/2

[Event "Abu Dhabi (14eme open)"]
[Site "?"]
[Date "2000.09.02"]
[Round "7"]
[White "Arkhipov Sergey"]
[Black "Sharif Mershad"]
[Result "1/2-1/2"]
[WhiteElo "2532"]
[BlackElo "2475"]
[PlyCount "43"]
[EventDate "2000.??.??"]
[Source "www.chesslib.no"]
[SourceDate "2004.05.04"]

1. e4 e6 2. Qe2 Nc6 3. Nf3 e5 4. c3 Nf6 5. d4 d6 6. d5 Nb8 7. c4 Be7 8. Nc3 O-O 9. h3 c6 10. Be3 a5 11. Qd2 Na6 12. Bd3 Bd7 13. O-O cxd5 14. Nxd5 Nxd5 15. cxd5 b5 16. Qe2 Qb8 17. Rac1 Nb4 18. Bb1 Bd8 19. Rc3 Bb6 20. Rfc1 Ra7 21. Ne1 Na6 22. a3 1/2-1/2

[Event "RUS-Cup4"]
[Site "Perm"]
[Date "1997.02.08"]
[Round "1"]
[White "Fedorov, Alexei"]
[Black "Kalichkin, Igor"]
[Result "1-0"]
[WhiteElo "2580"]
[BlackElo "2425"]
[PlyCount "33"]
[EventDate "1997.02.02"]
[Source "ChessBase"]

1. e4 e6 2. Qe2 b6 3. Nf3 Ne7 4. g3 d5 5. Bg2 Nd7 6. exd5 exd5 7. d4 f6 8. O-O Kf7 9. c4 c6 10. Nc3 Nb8 11. Re1 Na6 12. Bf4 g6 13. cxd5 Nxd5 14. Nxd5 cxd5 15. Ne5+ Kg7 16. Bh6+ Kg8 17. Nc6 1-0

[Event "Ostrava Cup"]
[Site "?"]
[Date "1998.??.??"]
[Round "9"]
[White "Oral Tomas"]
[Black "Shtyrenkov Veniamen"]
[Result "1/2-1/2"]
[WhiteElo "2510"]
[BlackElo "2495"]
[PlyCount "76"]
[EventDate "1998.??.??"]
[Source "www.chesslib.no"]
[SourceDate "2004.05.04"]

1. e4 e6 2. Qe2 c5 3. Nf3 Nc6 4. b3 d6 5. Bb2 e5 6. g3 g6 7. Bg2 Bg7 8. O-O Nge7 9. c3 O-O 10. Na3 d5 11. exd5 Nxd5 12. Qc4 e4 13. Ne1 Nf6 14. d3 Ne5 15. Qxc5 Nxd3 16. Nxd3 exd3 17. Nc4 Bg4 18. f3 Bf5 19. Nd6 Nd7 20. Qd5 Nb6 21. Qc5 Nd7 22. Qb4 Qf6 23. Nxf5 Qxf5 24. f4 d2 25. Rad1 Qc2 26. Qd6 Qxb2 27. Rxd2 Qxc3 28. Qxd7 Bf6 29. Qd3 Qc5+ 30. Kh1 Rad8 31. Qc2 Qb4 32. Rfd1 Rxd2 33. Qxd2 Qb6 34. Re1 Kg7 35. h3 Qc7 36. Qb4 b6 37. Kh2 h5 38. h4 Rd8 1/2-1/2

[Event "Nice ol (Men)"]
[Site "Nice FRA"]
[Date "1974.??.??"]
[Round "1"]
[White "McKay, Roderick M"]
[Black "Korchnoi, Viktor L"]
[Result "0-1"]
[WhiteElo "2330"]
[BlackElo "2670"]
[PlyCount "92"]
[EventDate "1974.06.06"]
[Source "www.chesslib.no"]
[SourceDate "2004.05.04"]

1. e4 e6 2. Qe2 c5 3. Nf3 Nc6 4. g3 Qc7 5. Na3 a6 6. Bg2 Nf6 7. O-O Be7 8. d3 d6 9. Nc4 b5 10. Nxd6+ Bxd6 11. e5 Nxe5 12. Nxe5 Bb7 13. Bxb7 Qxb7 14. Ng4 Nd7 15. h4 O-O 16. a4 Rae8 17. axb5 axb5 18. Qe4 Qc7 19. Qg2 Nb8 20. Bd2 Nc6 21. Ra6 Nd4 22. c3 Nb3 23. Be3 f5 24. Qc6 Bxg3 25. fxg3 Qxg3+ 26. Qg2 Qxg4 27. Qxg4 fxg4 28. Rb6 Rd8 29. Rxb5 Rxd3 30. Rxf8+ Kxf8 31. Kf2 g3+ 32. Ke2 c4 33. Rg5 Rd5 34. Rxg3 Na5 35. Bd4 g6 36. Be3 Rb5 37. Bc1 Nb7 38. Rg4 Nd6 39. Kf3 Kf7 40. Bf4 e5 41. Bc1 Rd5 42. Ke2 h6 43. Rg2 Rd3 44. Rh2 Nf5 45. Bd2 Ng3+ 46. Ke1 Ke6 0-1

[Event "Reggio Emilia 0001"]
[Site "Reggio Emilia"]
[Date "2001.01.03"]
[Round "5"]
[White "Bellini, Fabio"]
[Black "Zaja, Ivan"]
[Result "0-1"]
[WhiteElo "2484"]
[BlackElo "2513"]
[PlyCount "86"]
[EventDate "2000.12.30"]
[Source "ChessBase"]
[SourceDate "2001.03.20"]

1. e4 e6 2. Qe2 c5 3. f4 Nc6 4. Nf3 Nge7 5. g3 d5 6. d3 g6 7. Bg2 Bg7 8. O-O b6 9. e5 Nf5 10. Qf2 h5 11. c4 h4 12. Nc3 hxg3 13. hxg3 Bb7 14. Ng5 Ncd4 15. cxd5 exd5 16. g4 Nh6 17. Qg3 Qd7 18. Bh3 O-O-O 19. Bd2 f5 20. exf6 Bxf6 21. Rae1 Rde8 22. Rxe8+ Rxe8 23. Rf2 b5 24. Kf1 b4 25. Nd1 Ba6 26. Kg2 Bxg5 27. fxg5 Nf7 28. Be3 Bxd3 29. Bxd4 Be4+ 30. Kg1 cxd4 31. Bf1 Ne5 32. Ba6+ Kd8 33. Qf4 Qxg4+ 34. Qxg4 Nxg4 35. Rf4 Rh8 36. Kf1 Rh1+ 37. Ke2 d3+ 38. Bxd3 Bxd3+ 39. Kxd3 Rxd1+ 40. Ke2 Rg1 41. Rxb4 Kc7 42. Rb5 Kc6 43. Ra5 Ne5 0-1

[Event "3rd Open"]
[Site "Kolkata IND"]
[Date "2008.03.25"]
[Round "2"]
[White "Sandipan, C."]
[Black "Das, Arg"]
[Result "1/2-1/2"]
[WhiteElo "2593"]
[BlackElo "2404"]
[PlyCount "52"]
[EventDate "2008.03.24"]
[Source "www.chesslib.no"]
[SourceDate "2004.05.04"]

1. e4 e6 2. Qe2 c5 3. f4 Nc6 4. Nf3 d6 5. g3 g6 6. Bg2 Bg7 7. c3 Nge7 8. d3 O-O 9. Be3 b6 10. Nbd2 Ba6 11. Bf2 Qd7 12. h4 e5 13. h5 d5 14. hxg6 hxg6 15. O-O-O exf4 16. gxf4 dxe4 17. Nxe4 Rad8 18. Ne5 Qe6 19. Ng5 Qxa2 20. Bxc6 Nxc6 21. Bxc5 Nxe5 22. fxe5 Rxd3 23. Qh2 Qa1+ 24. Kc2 Qa4+ 25. Kc1 Qa1+ 26. Kc2 Qa4+ 1/2-1/2